Bananagrams : wildtiles. (WT. 390.3 g)
The addictive word game enjoyed by millions just got WILDER! Included are 6 WILDTILES, putting a spin on the original BANANAGRAMS game. Ready to go BANANAS?
Record details
- Physical Description: 1 game (150 tiles) : plastic ; in fabric bag container + 1 instruction sheet.
- Publisher: [London] ; Bananagrams, Intl., ©2014.
Content descriptions
| General Note: | Title from instruction sheet. 1-8 players. WT. 390.3 g |
| Target Audience Note: | Ages 7-107. |
| Language Note: | Game rules in English. |
Search for related items by subject
| Subject: | Word games. Crossword puzzles. |
| Genre: | Puzzles and games. |
| LDR | 01244crm a2200301Ii 4500 | ||
|---|---|---|---|
| 001 | 147166 | ||
| 003 | SBPL | ||
| 005 | 20180712094607.0 | ||
| 008 | 180119s2014 enknnn gneng d | ||
| 035 | . | ‡a(CONS)147166 | |
| 035 | . | ‡a(CPomAG)LMN606250 | |
| 050 | 4. | ‡aBanan ‡bWild 2014 | |
| 245 | 0 | 0. | ‡aBananagrams : ‡bwildtiles. (WT. 390.3 g) |
| 264 | 1. | ‡a[London] ; ‡a[Providence, R.I.] : ‡bBananagrams, Intl., ‡c©2014. | |
| 300 | . | ‡a1 game (150 tiles) : ‡bplastic ; ‡cin fabric bag container + ‡e1 instruction sheet. | |
| 336 | . | ‡athree-dimensional form ‡btdf ‡2rdacontent | |
| 337 | . | ‡aunmediated ‡bn ‡2rdamedia | |
| 338 | . | ‡aobject ‡bnr ‡2rdacarrier | |
| 500 | . | ‡aTitle from instruction sheet. | |
| 500 | . | ‡a1-8 players. | |
| 500 | 0. | ‡aWT. 390.3 g | |
| 520 | . | ‡aThe addictive word game enjoyed by millions just got WILDER! Included are 6 WILDTILES, putting a spin on the original BANANAGRAMS game. Ready to go BANANAS? | |
| 521 | 1 | . | ‡aAges 7-107. |
| 546 | . | ‡aGame rules in English. | |
| 650 | 0. | ‡aWord games. | |
| 650 | 0. | ‡aCrossword puzzles. | |
| 655 | 7. | ‡aPuzzles and games. ‡2lcgft | |
| 710 | 2 | . | ‡aBananagrams, International. |
| 959 | . | ‡i32269001062499 ‡lREA Ban ‡aSTEM - Lab ‡tRealia ‡g15.00 ‡cItem must be checked out at the front desk. ‡dVerify 150 tiles. | |
| 852 | . | ‡p32269001062499 ‡jREA Ban ‡gSTEM - Lab ‡cRealia ‡y15.00 ‡bSBPL | |
| 901 | . | ‡a147166 ‡bUnknown ‡c147166 ‡tbiblio | |